Statistics for Riddles

Click here to take the quiz!

General Stats

  • This quiz has been taken 71 times
  • The average score is 4 of 7

Answer Stats

HintAnswer% Correct
David's father has three sons, Snap, Crackle, and -----?David
96%
You live in a one story house made out of red bricks. What color would the stairs be?there are no stairs
87%
Which of these is the best way to die? (A)Going in a room that is about to get lit up on fire,(B)going inside a room with a hungary lion that hasn't eaten in a month,or (C) getting drowned?B
83%
What is brown,has a head,and a tail but no legs?penny
67%
The more you take, the more you leave behind what am I?Footsteps
57%
What rooms do ghosts avoid?The Living Room
33%
When does Christmas come before Thanksgiving.In the dictionary
24%

Score Distribution

Percentile by Number Answered

Percent of People with Each Score

Your Score History

You have not taken this quiz